NLSUI OPAC header image

Mitra's civil reference. (Record no. 113253)

MARC details
000 -LEADER
fixed length control field 03735cam a22004695i 4500
001 - CONTROL NUMBER
control field 20906094
003 - CONTROL NUMBER IDENTIFIER
control field OSt
005 - DATE AND TIME OF LATEST TRANSACTION
control field 20200907145223.0
008 - FIXED-LENGTH DATA ELEMENTS--GENERAL INFORMATION
fixed length control field 190222s2019 ii 001 0 eng d
010 ## - LIBRARY OF CONGRESS CONTROL NUMBER
LC control number 2019315464
020 ## - INTERNATIONAL STANDARD BOOK NUMBER
International Standard Book Number 9788171773459
Qualifying information (hardback)
020 ## - INTERNATIONAL STANDARD BOOK NUMBER
International Standard Book Number 8171773451
025 ## - OVERSEAS ACQUISITION NUMBER
Overseas acquisition number I-E-2019315464; 74-90
035 ## - SYSTEM CONTROL NUMBER
System control number (DLC)20905879
035 ## - SYSTEM CONTROL NUMBER
System control number (DLC)2019315464
035 ## - SYSTEM CONTROL NUMBER
System control number (OCoLC)on1088350640
035 ## - SYSTEM CONTROL NUMBER
System control number (OCoLC)1088350640
037 ## - SOURCE OF ACQUISITION
Source of stock number/acquisition Library of Congress -- New Delhi Overseas Office
040 ## - CATALOGING SOURCE
Original cataloging agency DKAGE
Language of cataloging eng
Description conventions rda
Transcribing agency DKAGE
Modifying agency OCLCO
-- DLC
042 ## - AUTHENTICATION CODE
Authentication code lccopycat
-- lcode
043 ## - GEOGRAPHIC AREA CODE
Geographic area code a-ii---
050 #4 - LIBRARY OF CONGRESS CALL NUMBER
Classification number KNS479
Item number .R39 2019
082 04 - DEWEY DECIMAL CLASSIFICATION NUMBER
Classification number 347
Edition number 23
Item number MIT
100 1# - MAIN ENTRY--PERSONAL NAME
Personal name Ray, Sukumar
Titles and words associated with a name (Judge),
Relator term author.
245 10 - TITLE STATEMENT
Title Mitra's civil reference.
250 ## - EDITION STATEMENT
Edition statement Fifth edition /
Remainder of edition statement by Sukumar Ray.
264 #1 - PRODUCTION, PUBLICATION, DISTRIBUTION, MANUFACTURE, AND COPYRIGHT NOTICE
Place of production, publication, distribution, manufacture Kolkata :
Name of producer, publisher, distributor, manufacturer Eastern Law House,
Date of production, publication, distribution, manufacture, or copyright notice 2019.
300 ## - PHYSICAL DESCRIPTION
Extent 10, 1718 pages ;
Dimensions 25 cm
336 ## - CONTENT TYPE
Content type term text
Content type code txt
Source rdacontent
337 ## - MEDIA TYPE
Media type term unmediated
Media type code n
Source rdamedia
338 ## - CARRIER TYPE
Carrier type term volume
Carrier type code nc
Source rdacarrier
500 ## - GENERAL NOTE
General note "A virtual encyclopaedia on civil laws"--Cover jacket.
500 ## - GENERAL NOTE
General note "All comprehensive in a single volume"--Cover jacket.
500 ## - GENERAL NOTE
General note Includes index.
505 ## - FORMATTED CONTENTS NOTE
Formatted contents note Contents<br/>1 Interpretation of Statutes and Deeds<br/>2 Accident Claims<br/>3 Administrative Law<br/>4 Adverse Possession<br/>5 Advocates Act 1961<br/>6 Arbitration and Conciliation Act 1996<br/>7 Banker and Customer<br/>8 Benami Transactions (Prohibition) Act 1988<br/>9 Bengal, Agra and Assam Civil courts Act 1887<br/>10 Carriage by Air Act 1972<br/>11 Carriage of Goods by Sea Act 1925<br/>12 Carriers Act 1865<br/>13 Charitable Endowments Act 1890<br/>14 Cinematograph Act 1952<br/>15 Citizenship Act 1955<br/>16 Clinical Establishments (Registration and Regulation) Act 2010<br/>17 Code of Civil Procedure 1908<br/>18 Constitution of India<br/>19 Consumer Protection Act 1986<br/>20 Contempt of courts Act 1971<br/>21 Indian Contract Act 1872<br/>22 Dissolution of Muslim Marriage Act 1939<br/>23 Divorce Act 1869<br/>24 Easements Act 1882<br/>25 Electricity Act 2003<br/>26 Environment Protection <br/>27 Indian Evidence Act 1872<br/>28 Family Courts Act 1984<br/>29 Food Safety and Standards Act 2006<br/>30 General clauses Act 1897<br/>31 Guardians and Wards Act 1890<br/>32 Hindu Adoptions and Maintenance Act 1956<br/>33 Hindu Marriage Act 1955<br/>34 Hindu Minority and Guardianship Act 1956<br/>35 Hindu Succession Act 1956<br/>36 Indian Succession Act 1925<br/>37 Hire Purchase Act 1972<br/>38 Insurance Act 1938<br/>39 Land Acquisition Act 1894<br/>40 Right to Fair Compensation and Transparency in Land Acquisition, Rehabilitation and <br/> Resettlement Act 2013<br/>41 Legal Services Authorities Act 1987<br/>42 Limitation Act 1963<br/>43 Maintenance and Welfare of Parents and Senior Citizens Act 2007<br/>44 Mental Health Act 1987<br/>45 Mental Health Care Act 2017<br/>46 Muslim Women (Protection of Rights on Divorce) Act 1986<br/>47 Partition<br/>48 Partition Act 1893<br/>49 Indian Partnership Act 1932<br/>50 Prohibition of Child Marriage Act 2006<br/>51 Provincial Small Cause Courts Act 1887<br/>52 Public Premises (Eviction of Unauthorised Occupants) Act 1971<br/>53 Railways Act 1989<br/>54 Registration Act 1908<br/>55 Sale of Goods Act 1930<br/>56 Special Marriage Act 1954<br/>57 Specific Relief Act 1963<br/>58 Torts<br/>59 Transfer of Property Act 1882<br/>60 Indian Trusts Act 1882<br/>61 Waqf Act 1995
650 #0 - SUBJECT ADDED ENTRY--TOPICAL TERM
Topical term or geographic name entry element Civil law
Geographic subdivision India.
700 12 - ADDED ENTRY--PERSONAL NAME
Personal name Mitra, Shambhudas.
Title of a work Civil reference.
710 1# - ADDED ENTRY--CORPORATE NAME
Corporate name or jurisdiction name as entry element India.
Title of a work Laws, etc.
906 ## - LOCAL DATA ELEMENT F, LDF (RLIN)
a 7
b par
c copycat
d 3
e ncip
f 20
g y-gencatlg
942 ## - ADDED ENTRY ELEMENTS (KOHA)
Source of classification or shelving scheme Dewey Decimal Classification
Koha item type BOOKs
Holdings
Withdrawn status Lost status Source of classification or shelving scheme Materials specified (bound volume or other part) Damaged status Not for loan Home library Current library Shelving location Date acquired Source of acquisition Cost, normal purchase price Total Checkouts Full call number Barcode Date last seen Price effective from Koha item type
    Dewey Decimal Classification HB     . .   29.03.2019 Purchased 2850.00   347 MIT 37081 29.03.2019 29.03.2019 BOOKs